LEADER 00784cam0-22002891i-450- 001 990005253170403321 005 20090624120346.0 010 $a3-11-003434-4 035 $a000525317 035 $aFED01000525317 035 $a(Aleph)000525317FED01 035 $a000525317 100 $a19990604d1976----km-y0itay50------ba 101 0 $ager 105 $aa-------00--- 200 1 $aAltthrakien$fChristo M. Danov 210 $aBerlin$cDe Gruyter$d1976 215 $aXX, 496 p.$cill.$d24, cm 676 $a939.8$v22$zita 700 1$aDanov,$bKhristo Miloshev$f<1908- >$0204948 801 0$aIT$bUNINA$gRICA$2UNIMARC 901 $aBK 912 $a990005253170403321 952 $a939.8 DAN 1$bANT. G.R. 2584$fFLFBC 959 $aFLFBC 996 $aAltthrakien$9539279 997 $aUNINA LEADER 00967nam0 22002531i 450 001 UON00319315 005 20231205104133.469 100 $a20090119d1972 |0itac50 ba 101 $aspa 102 $aES 105 $a|||| 1|||| 200 1 $aˆLa ‰empresa sovietica$fEmilio Soldevilla Garcia 210 $aBarcelona$ceditorial nova terra$d1972 215 $a169 p.$d22 cm. 606 $aUnione Sovietica$xEconomia$3UONC068808$2FI 620 $aES$dBarcelona$3UONL003004 700 1$aSOLDEVILLA GARCIA$bEmilio$3UONV181964$0698803 712 $aEditorial Nova Terra$3UONV268666$4650 801 $aIT$bSOL$c20260206$gRICA 899 $aSIBA - SISTEMA BIBLIOTECARIO DI ATENEO E ARCHIVIO STORICO$2UONSI 912 $aUON00319315 950 $aSIBA - SISTEMA BIBLIOTECARIO DI ATENEO E ARCHIVIO STORICO$dSI NAPOLITANO 1571 $eSI SC 44484 5 1571 996 $aEmpresa sovietica$91373194 997 $aUNIOR